[Event "ROM-ch"]
[Site "Calimanesti Caciulata"]
[Date "2017.03.30"]
[Round "6"]
[White "Maier, Marius Alin"]
[Black "Raduica, Remus"]
[Result "1-0"]
[WhiteElo "1991"]
[BlackElo "1946"]
[PlyCount "67"]
[EventDate "2017.03.25"]
[EventType "swiss"]
[EventRounds "9"]
[EventCountry "ROU"]
[SourceTitle "CBM 177 Extra"]
[Source "ChessBase"]
[SourceDate "2017.04.27"]
[SourceVersion "1"]
[SourceVersionDate "2017.04.27"]
[SourceQuality "1"]

1. d4 Nf6 2. Nf3 e6 3. c4 b6 4. g3 Bb7 5. Bg2 c5 6. 0-0 cxd4 7. Nxd4 Bxg2 8. Kxg2 d5 9. Bf4 Bd6 10. Qa4+ Qd7 11. Qxd7+ Kxd7 12. Bxd6 Kxd6 13. cxd5 Nxd5 14. e4 Nf6 15. Nb5+ Kc6 16. N1a3 Na6 17. Rac1+ Kd7 18. Rfd1+ Ke7 19. Nc7 Nxc7 20. Rxc7+ Ke8 21. Nb5 Rd8 22. Rxd8+ Kxd8 23. Rxa7 Rf8 24. Nd6 Nd7 25. Nc4 Kc8 26. Nd6+ Kd8 27. f4 Ke7 28. Nc4 Kd8 29. e5 f6 30. exf6 Rxf6 31. Ne5 Nxe5 32. fxe5 Rf5 33. Rxg7 h6 34. Rb7 1-0

[Event "ROM-ch"]
[Site "Calimanesti Caciulata"]
[Date "2017.03.25"]
[Round "1"]
[White "Raduica, Remus"]
[Black "Martian, Dragos Daniel"]
[Result "1/2-1/2"]
[WhiteElo "1946"]
[BlackElo "2275"]
[PlyCount "117"]
[EventDate "2017.03.25"]
[EventType "swiss"]
[EventRounds "9"]
[EventCountry "ROU"]
[SourceTitle "CBM 177 Extra"]
[Source "ChessBase"]
[SourceDate "2017.04.27"]
[SourceVersion "1"]
[SourceVersionDate "2017.04.27"]
[SourceQuality "1"]

1. e4 c5 2. Nc3 e6 3. g3 d5 4. exd5 exd5 5. d4 cxd4 6. Qxd4 Nf6 7. Bg5 Be7 8. 0-0-0 0-0 9. Nxd5 Nxd5 10. Bxe7 Qxe7 11. Qxd5 Nc6 12. Qd6 Qe4 13. Qd5 Qxd5 14. Rxd5 Be6 15. Rd2 Rfd8 16. Rxd8+ Rxd8 17. Bg2 Nb4 18. Ne2 Nxa2+ 19. Kb1 Rd2 20. Nf4 Nb4 21. Nxe6 fxe6 22. Bxb7 Rxf2 23. h4 Nxc2 24. Rc1 Nb4 25. b3 Kf7 26. Be4 Kf6 27. Rc7 a5 28. Ra7 Rf1+ 29. Kb2 Rf2+ 30. Kb1 Re2 31. Bxh7 Re3 32. Kb2 Nc6 33. Ra6 Nd4 34. g4 Rxb3+ 35. Ka2 Rb7 36. g5+ Kf7 37. Rxa5 Nc6 38. Ra8 g6 39. h5 gxh5 40. g6+ Kg7 41. Bg8 e5 42. Bf7 Ne7 43. Ra6 Nf5 44. Bd5 Re7 45. Bf3 h4 46. Bg4 Nh6 47. Bh3 e4 48. Kb2 e3 49. Ra1 Kxg6 50. Kc2 Nf5 51. Re1 Re4 52. Kd3 Rd4+ 53. Ke2 Rd2+ 54. Kf3 Rf2+ 55. Ke4 e2 56. Bxf5+ Rxf5 57. Rxe2 h3 58. Rh2 Rh5 59. Kf4 1/2-1/2

[Event "ROM-chT Div-A"]
[Site "Slanic Moldova"]
[Date "2011.10.08"]
[Round "8"]
[White "Nuta, Dan"]
[Black "Raduica, Remus"]
[Result "1/2-1/2"]
[WhiteElo "2079"]
[BlackElo "2073"]
[PlyCount "70"]
[EventDate "2011.10.03"]
[EventType "team-tourn"]
[EventRounds "9"]
[EventCountry "ROU"]
[SourceTitle "CBM 144 Extra"]
[Source "ChessBase"]
[SourceDate "2011.10.28"]
[SourceVersion "1"]
[SourceVersionDate "2011.10.28"]
[SourceQuality "1"]

1. e4 e5 2. Nf3 Nf6 3. Nxe5 d6 4. Nf3 Nxe4 5. d4 d5 6. Bd3 Bg4 7. 0-0 Be7 8. Re1 f5 9. c4 c6 10. Qb3 Qb6 11. Qxb6 axb6 12. cxd5 cxd5 13. Ne5 Bh5 14. f3 Bb4 15. Re2 0-0 16. g4 fxg4 17. fxe4 g3 18. Rg2 Nc6 19. Nxc6 bxc6 20. exd5 Rac8 21. Bd2 Bd6 22. hxg3 Bf3 23. Rh2 Bxg3 24. Rh3 Bf2+ 25. Kh2 h5 26. dxc6 Bxd4 27. Bc4+ Kh7 28. Bc3 Bc5 29. b4 Be3 30. Bd2 Bd4 31. Nc3 Be5+ 32. Kg1 Bd4+ 33. Kh2 Be5+ 34. Kg1 Bd4+ 35. Kh2 Be5+ 1/2-1/2